Hubert Fournier's Olympique Lyon - Statistics

General Stats
  • This quiz has been taken 5 times
  • The average score is 18 of 36
Answer Stats
Rank Player Position Nationality Matches Goals Assists % Correct
5 Alexandre Lacazette Centre-Forward 62 39 9
100%
1 Anthony Lopes Goalkeeper 70 0 1
100%
22 Yoann Gourcuff Attacking Midfield 19 3 5
100%
7 Christophe Jallet Right-Back 54 2 5
75%
28 Clément Grenier Central Midfield 13 2 3
75%
2 Corentin Tolisso Central Midfield 70 8 6
75%
4 Maxime Gonalons Defensive Midfield 65 2 2
75%
17 Maxwel Cornet Left Winger 23 2 0
75%
10 Nabil Fekir Attacking Midfield 43 19 14
75%
6 Samuel Umtiti Centre-Back 57 2 3
75%
8 Steed Malbranque Central Midfield 49 4 3
75%
14 Bakary Koné Centre-Back 28 1 0
50%
15 Claudio Beauvue Centre-Forward 26 6 2
50%
12 Clinton N'Jie Right Winger 33 8 9
50%
9 Henri Bedimo Left-Back 44 0 4
50%
19 Jérémy Morel Left-Back 20 0 1
50%
21 Lindsay Rose Centre-Back 19 0 0
50%
26 Mapou Yanga-Mbiwa Centre-Back 15 0 0
50%
20 Mathieu Valbuena Attacking Midfield 19 1 3
50%
16 Milan Bisevac Centre-Back 23 0 1
50%
11 Rachid Ghezzal Right Winger 40 1 7
50%
23 Rafael Right-Back 18 1 0
50%
24 Sergi Darder Central Midfield 17 1 0
50%
30 Aldo Kalulu Right Winger 6 1 0
25%
13 Arnold Mvuemba Defensive Midfield 32 0 2
25%
31 Farès Bahlouli Attacking Midfield 6 0 0
25%
33 Gaël Danic Left Winger 2 0 0
25%
34 Gueïda Fofana Defensive Midfield 2 0 0
25%
3 Jordan Ferri Central Midfield 67 4 7
25%
36 Lucas Tousart Defensive Midfield 1 0 0
25%
32 Mathieu Gorgelin Goalkeeper 2 0 0
25%
29 Mehdi Zeffane Right-Back 6 0 0
25%
18 Mohamed Yattara Centre-Forward 23 3 2
25%
25 Mouhamadou Dabo Right-Back 15 1 0
25%
35 Romain Del Castillo Right Winger 2 0 0
25%
27 Yassine Benzia Attacking Midfield 14 2 0
25%
No matching quizzes found
Score Distribution
Percent of People with Each Score
Percentile by Number Answered
Your Score History
You have not taken this quiz